000
00339nam a22001457a 4500
005
20240603140157.0
008
240603b |||||||| |||| 00| 0 eng d
041
_a
eng
100
_a
KUMAR , MUKESH
_9
8425
245
_a
CHHOTANAGPUR TENANCY ACT, 1908
260
_a
PATNA
_b
RISHI PRAKASHAN
300
_a
124;P
650
_a
LAW
942
_c
BK
999
_c
8517
_d
8515